कर्तव्य आणि पैसा (Record no. 55073)

MARC details
000 -LEADER
fixed length control field 00598nam a2200181Ia 4500
008 - FIXED-LENGTH DATA ELEMENTS--GENERAL INFORMATION
fixed length control field 090123s9999 xx 000 0 und d
082 ## - DEWEY DECIMAL CLASSIFICATION NUMBER
Item number 17013
Classification number 891.463/हरका
100 ## - MAIN ENTRY--PERSONAL NAME
Personal name हरकारे अरुण
245 ## - TITLE STATEMENT
Title कर्तव्य आणि पैसा
250 ## - EDITION STATEMENT
Edition statement 1
260 ## - PUBLICATION, DISTRIBUTION, ETC. (IMPRINT)
Name of publisher, distributor, etc रावजी प्रकाशन
Date of publication, distribution, etc 1987
300 ## - PHYSICAL DESCRIPTION
Extent 175
600 ## - SUBJECT ADDED ENTRY--PERSONAL NAME
Personal name हरकारे अरुण
630 ## - SUBJECT ADDED ENTRY--UNIFORM TITLE
Uniform title कर्तव्य आणि पैसा
700 ## - ADDED ENTRY--PERSONAL NAME
Personal name हरकारे अरुण
730 ## - ADDED ENTRY--UNIFORM TITLE
Uniform title कर्तव्य आणि पैसा
942 ## - ADDED ENTRY ELEMENTS (KOHA)
Koha item type Book
Holdings
Withdrawn status Lost status Damaged status Not for loan Home library Current library Date acquired Cost, normal purchase price Total Checkouts Full call number Barcode Date last seen Cost, replacement price Price effective from Koha item type
      Added to bundle Jawahar Wachalanalaya, Kalwa Jawahar Wachalanalaya, Kalwa 03/31/2002 50.00   17013 KLW-17013 01/23/2009 50.00 01/23/2009 Book